000 00283nam a22001337a 4500
008 181001b xxu||||| |||| 00| 0 eng d
020 _a9780878936755
041 _aeng
080 _a573
100 _a11
101 _aBIO
245 _aMicrobial Life
_cPerry,J.J
942 _2udc
_cBK
999 _c48757
_d48757